000 00425nam a22001697a 4500
005 20180327151626.0
008 160518b xxu||||| |||| 00| 0 eng d
020 _a978-0-07-022092-8
041 _aeng
082 _b2684
_a338.7
100 _aPaul Justin
_9371
245 _aBusiness Environment Text & cases
260 _aNew Delhi
_bTata McGraw Hill Ltd.
_c2008
300 _a488
650 _aManagement
_9241
942 _cBK
999 _c972
_d972